Statistiques concernant 22 acides aminés protéinogènes

Cliquez ici pour prendre le quiz!

Statistiques générales

  • Ce quiz a été pris 151 fois
  • Le résultat moyen est 13 sur 22

Statistiques - réponses

Abrév.Acide Aminé% Correct
AAlanine
82%
IIsoleucine
80%
LLeucine
80%
CCystèine
75%
GGlycine
71%
SSérine
71%
VValine
71%
HHistidine
65%
TThréonine
65%
MMéthionine
63%
EGlutamate
62%
QGlutamine
62%
FPhénylalanine
60%
WTryptophane
60%
PProline
58%
DAspartate
57%
NAsparagine
55%
YTyrosine
55%
RArginine
52%
KLysine
51%
SSélénocystéine
17%
OPyrrolysine
6%

Distribution des résultats

Percentile par nombre de réponses

% des personnes avec chaque résultat

Votre développement - résultats

Vous n’avez pas pris ce quiz